Govt. of
Madhya Pradesh

The highlands of Central India (Record no. 37149)

MARC details
000 -LEADER
fixed length control field 003610000a22001450004500
003 - CONTROL NUMBER IDENTIFIER
control field MACL
040 ## - CATALOGING SOURCE
Original cataloging agency MACL
090 ## - LOCALLY ASSIGNED LC-TYPE CALL NUMBER (OCLC); LOCAL CALL NUMBER (RLIN)
-- 37552
-- 37550
100 ## - MAIN ENTRY--PERSONAL NAME
Personal name Forsyth, Captain J
245 ## - TITLE STATEMENT
Title The highlands of Central India
Remainder of title with map and illustration
260 ## - PUBLICATION, DISTRIBUTION, ETC. (IMPRINT)
Name of publisher, distributor, etc. Asian Publication Services
Date of publication, distribution, etc. 1975
350 ## - PRICE (NR) (BK AM CF MU VM SE) [OBSOLETE]
Price 120
650 ## - SUBJECT ADDED ENTRY--TOPICAL TERM
Topical term or geographic name as entry element Indian History
942 ## - ADDED ENTRY ELEMENTS (KOHA)
Koha item type Library Membar
Call number prefix 954/FOR
Holdings
Withdrawn status Lost status Source of classification or shelving scheme Damaged status Not for loan Home library Current library Date acquired Total Checkouts Full call number Barcode Date last seen Uniform Resource Identifier Price effective from Koha item type
          MACL MACL 15/04/2015   954/FOR BOOK CLE016358 29/04/2015 37361 15/04/2015 Books